<?xml version="1.0" encoding="UTF-8"?>
<record
    xmlns:xsi="http://www.w3.org/2001/XMLSchema-instance"
    xsi:schemaLocation="http://www.loc.gov/MARC21/slim http://www.loc.gov/standards/marcxml/schema/MARC21slim.xsd"
    xmlns="http://www.loc.gov/MARC21/slim">

  <leader>01335nam a2200253   4500</leader>
  <controlfield tag="001">108493</controlfield>
  <controlfield tag="003">DR-UNIBE</controlfield>
  <controlfield tag="005">20250613144632.0</controlfield>
  <controlfield tag="008">250613b2020    xxu||||| |||| 00| 0 eng d</controlfield>
  <datafield tag="020" ind1=" " ind2=" ">
    <subfield code="a">9781735090146</subfield>
  </datafield>
  <datafield tag="040" ind1=" " ind2=" ">
    <subfield code="a">BIBLIOTECA UNIBE</subfield>
    <subfield code="c">BIBLIOTECA UNIBE</subfield>
    <subfield code="b">spa</subfield>
    <subfield code="e">rda</subfield>
  </datafield>
  <datafield tag="041" ind1=" " ind2=" ">
    <subfield code="a">eng</subfield>
  </datafield>
  <datafield tag="082" ind1=" " ind2=" ">
    <subfield code="a">615  C129c</subfield>
  </datafield>
  <datafield tag="100" ind1=" " ind2=" ">
    <subfield code="a">Cafer, Jason </subfield>
    <subfield code="e">autor</subfield>
    <subfield code="9">196398</subfield>
  </datafield>
  <datafield tag="245" ind1="1" ind2="0">
    <subfield code="a">Cafer's Psychopharmacology : </subfield>
    <subfield code="b">visualize to memorize : 270 medication mascots /</subfield>
    <subfield code="c">Jason Cafer</subfield>
  </datafield>
  <datafield tag="260" ind1=" " ind2=" ">
    <subfield code="a">Missouri  :</subfield>
    <subfield code="b">CaferMed, </subfield>
    <subfield code="c">2020</subfield>
  </datafield>
  <datafield tag="300" ind1=" " ind2=" ">
    <subfield code="a">304 p&#xE1;ginas :</subfield>
    <subfield code="b">ilustraciones</subfield>
  </datafield>
  <datafield tag="490" ind1=" " ind2=" ">
    <subfield code="a">Cambridge medicine</subfield>
  </datafield>
  <datafield tag="505" ind1=" " ind2=" ">
    <subfield code="a">Interations | 
Stabilizers/Antiepileptics |
Barbiturates  |
Benzodiazepines  |
Anxiolytics/Hypnotics  |
Intro to antidepressants  |
Tricyclics  |
Modern antidepressants  |
MAOIs |
Others for depression |
Intro to antipsychotics  |
1st gen antipsychotics  |
2nd gen antipsychotics  |
Anticholinergics  |
Cognitive enhancers  |
Sympatholytics  |
Muscle relaxants |
DA depleting agents  |
Parkinson&#x2019;s disease  |
Stimulants  |
Addiction medicine  |
Opioids |
Sexual dysfunction  |
Antimicrobials  |
Hormones  |
Leftovers  |
Interaction Wrap-up  |
</subfield>
  </datafield>
  <datafield tag="650" ind1=" " ind2="7">
    <subfield code="a">Psicofarmacolog&#xED;a </subfield>
    <subfield code="2">lemb</subfield>
  </datafield>
  <datafield tag="650" ind1=" " ind2="7">
    <subfield code="a">Medicamentos</subfield>
    <subfield code="2">lemb</subfield>
  </datafield>
  <datafield tag="700" ind1=" " ind2=" ">
    <subfield code="a">Link, Julianna</subfield>
    <subfield code="e">editor</subfield>
    <subfield code="9">196399</subfield>
  </datafield>
  <datafield tag="942" ind1=" " ind2=" ">
    <subfield code="2">ddc</subfield>
    <subfield code="c">BK</subfield>
  </datafield>
  <datafield tag="999" ind1=" " ind2=" ">
    <subfield code="c">113752</subfield>
    <subfield code="d">113752</subfield>
  </datafield>
  <datafield tag="952" ind1=" " ind2=" ">
    <subfield code="0">0</subfield>
    <subfield code="1">0</subfield>
    <subfield code="2">ddc</subfield>
    <subfield code="7">0</subfield>
    <subfield code="8">RES</subfield>
    <subfield code="a">Principal</subfield>
    <subfield code="c">NEW</subfield>
    <subfield code="d">2025-06-13</subfield>
    <subfield code="l">0</subfield>
    <subfield code="o">615  C129c</subfield>
    <subfield code="p">250709</subfield>
    <subfield code="r">2025-06-13 14:47:18</subfield>
    <subfield code="t">Ej. 1</subfield>
    <subfield code="w">2025-06-13</subfield>
    <subfield code="y">BK-RES</subfield>
  </datafield>
</record>
